00530nam a2200193 a 4500001001300000003000900013005001700022008004100039020002300080082001700103100001700120245004500137260003700182300000900219500003500228505002400263650003200287700001700319nice12345678IN_TiNIC20260116014222.0050524s2005 dela grp 000 0 eng  a8183248 c69500a291.422bADH aAdhakha, S K aReligious Mysticismb Hinduism and Islam aDelhibMittal Publication c2005 a321p aincludes index and biblioraphy2 aBibliography, Index aMysticism-Comparative Study1 aAdhakha, S K